| 000 | 00708nam a2200241 i 4500 | ||
|---|---|---|---|
| 001 | C2-0243258 | ||
| 003 | PPAK | ||
| 005 | 20180727204957.0 | ||
| 008 | 021018s2000 enk |||| ||||| | eng d | ||
| 040 |
_aPPAK _beng _cPPAK _erda |
||
| 082 | 0 | 4 |
_a259.5705092 _223 |
| 090 | 0 | 0 |
_a259.5705092 _bBAR _dG |
| 100 | 1 |
_aBarr, Michael D., _eauthor |
|
| 245 | 1 | 0 |
_aLee Kuan Yew : _bthe beliefs behind the man |
| 264 | 1 |
_aRichmond, Surrey : _bCurzon Press , _c2000 |
|
| 300 |
_axiv, 273 pages ; _c22 cm |
||
| 336 |
_2rdacontent _atext |
||
| 337 |
_2rdamedia _aunmediated |
||
| 338 |
_2rdacarrier _avolume |
||
| 500 | _a0-7007-1325-5 | ||
| 650 | 1 | 0 | _aLee, Kuan Yew ; Statesmen - Singapore - Biography |
| 942 |
_ddc _cB |
||
| 999 |
_c57828 _d57828 |
||